ՀՀ Գիտությունների ազգային ակադեմիայի հիմնարար գիտական գրադարան  =   Fundamental Scientific Library of NAS RA

Справочник по применению бактерийных и вирусных препаратов / (Record no. 330698)

MARC details
000 -LEADER
fixed length control field 01314nam a2200325 a 4500
001 - CONTROL NUMBER
control field 000998939
003 - CONTROL NUMBER IDENTIFIER
control field AM-YeHGA
005 - DATE AND TIME OF LATEST TRANSACTION
control field 20250617150425.0
008 - FIXED-LENGTH DATA ELEMENTS--GENERAL INFORMATION
fixed length control field 140121s1975 ||||||||r|||||000|0|rus|d
040 ## - CATALOGING SOURCE
Original cataloging agency AM-YeHGA
041 0# - LANGUAGE CODE
Language code of text/sound track or separate title rus
090 ## - LOCALLY ASSIGNED LC-TYPE CALL NUMBER (OCLC); LOCAL CALL NUMBER (RLIN)
-- 332459
245 00 - TITLE STATEMENT
Title Справочник по применению бактерийных и вирусных препаратов /
Statement of responsibility, etc. [В.И. Алексеева [и др.]] ; под ред.: С.Г. Дзагурова, Ф.Ф. Резепова.
260 ## - PUBLICATION, DISTRIBUTION, ETC.
Place of publication, distribution, etc. Москва :
Name of publisher, distributor, etc. Медицина,
Date of publication, distribution, etc. 1975.
300 ## - PHYSICAL DESCRIPTION
Extent 224 с. :
Other physical details табл. ;
Dimensions 23 см.
504 ## - BIBLIOGRAPHY, ETC. NOTE
Bibliography, etc. note Указ.: с. 205-220
650 14 - SUBJECT ADDED ENTRY--TOPICAL TERM
Topical term or geographic name entry element Справочники фармакологические
650 14 - SUBJECT ADDED ENTRY--TOPICAL TERM
Topical term or geographic name entry element Вакцины бактериальные
650 14 - SUBJECT ADDED ENTRY--TOPICAL TERM
Topical term or geographic name entry element Антибактериальные средства
650 14 - SUBJECT ADDED ENTRY--TOPICAL TERM
Topical term or geographic name entry element Противовирусные средства
650 14 - SUBJECT ADDED ENTRY--TOPICAL TERM
Topical term or geographic name entry element Вакцины вирусные
650 14 - SUBJECT ADDED ENTRY--TOPICAL TERM
Topical term or geographic name entry element Сыворотки иммунные
650 14 - SUBJECT ADDED ENTRY--TOPICAL TERM
Topical term or geographic name entry element Бактериофаги
700 1# - ADDED ENTRY--PERSONAL NAME
Personal name Алексеева, В. И.
700 1# - ADDED ENTRY--PERSONAL NAME
Personal name Балоян, Л.Б.
700 1# - ADDED ENTRY--PERSONAL NAME
Personal name Брагинская, В.П.
700 1# - ADDED ENTRY--PERSONAL NAME
Personal name Булатова, Т.И.
700 1# - ADDED ENTRY--PERSONAL NAME
Personal name Дзагуров, С.Г.
Relator term ред.
Relationship edt
700 1# - ADDED ENTRY--PERSONAL NAME
Personal name Резепов, Ф.Ф.
Relator term ред.
Relationship edt
Holdings
Withdrawn status Lost status Source of classification or shelving scheme Damaged status Not for loan Collection Home library Current library Date acquired Total checkouts Full call number Barcode Date last seen Price effective from Koha item type Public note
    Universal Decimal Classification     General Fundamental Scientific Library Fundamental Scientific Library 09/01/2017   PII/366105 FL0331604 09/01/2017 09/01/2017 Գրքեր / Books 30 Days Loan
    Universal Decimal Classification     General Fundamental Scientific Library Fundamental Scientific Library 09/01/2017   PII/367667 FL0334648 09/01/2017 09/01/2017 Գրքեր / Books 30 Days Loan
    Universal Decimal Classification     General Fundamental Scientific Library Fundamental Scientific Library 09/01/2017   PII/370042 FL0340345 09/01/2017 09/01/2017 Գրքեր / Books 30 Days Loan


ՀՀ ԳԱԱ հիմնարար գիտական գրադարան
ՀՀ,Երևան 0019
Մարշալ Բաղրամյան 24/6
հեռախոս:(374-10) 52-47-50
Հետադարձ կապ

All site content, except where otherwise noted, is licensed under a
Creative Commons License